书目信息 |
| 题名: |
IBM-PC宏汇编语言程序设计
|
|
| 作者: | 王元珍 , 韩宗芬 著 | |
| 分册: | ||
| 出版信息: | 武汉 华中理工大学出版社 1996.09 |
|
| 页数: | 372页 | |
| 开本: | 16开 | |
| 丛书名: | ||
| 单 册: | ||
| 中图分类: | TP312 | |
| 科图分类: | ||
| 主题词: | 软件 | |
| 电子资源: | ||
| ISBN: | 7-5609-1357-1 | |
| 000 | 00617nam0 2200205 45 | |
| 001 | 0008161523 | |
| 005 | 20000911160643.1 | |
| 010 | @a7-5609-1357-1@d26.00元 | |
| 100 | @a20000816d1996 km y0chiy0120 ea | |
| 101 | 0 | @achi |
| 105 | @a z 000yy | |
| 200 | 1 | @aIBM-PC宏汇编语言程序设计@AIBM-PC Hong Hui Bian Yu Yan Cheng Xu She Ji@f王元珍,韩宗芬著@FWang Yuan Zhen,Han Zong Fen Zhu |
| 210 | @a武汉@c华中理工大学出版社@d1996.09 | |
| 215 | @a372页@d16开 | |
| 606 | 0 | @a软件 |
| 690 | @aTP312@v3 | |
| 701 | 0 | @a王元珍@4著 |
| 701 | 0 | @a韩宗芬@4著 |
| 801 | @aCN@bPftUser@c20000816 | |
| 905 | @dTP312@eW955=2@b135456-460@f5 | |
| IBM-PC宏汇编语言程序设计/王元珍,韩宗芬著.-武汉:华中理工大学出版社,1996.09 |
| 372页;16开 |
| ISBN 7-5609-1357-1:26.00元 |
| ● |
| 相关链接 |
|
|
|
正题名:IBM-PC宏汇编语言程序设计
索取号:TP312/W955=2
 
预约/预借
| 序号 | 登录号 | 条形码 | 馆藏地/架位号 | 状态 | 备注 |
| 1 | 135456 | 201354569 | 自科二线504/504自科库 7排3列3层/ [索取号:TP312/W955=2] | 在馆 | |
| 2 | 135457 | 201354578 | 期刊室512/301自科库 46排6列2层/ [索取号:TP312/W955=2] | 在馆 | |
| 3 | 135458 | 201354587 | 期刊室512/301自科库 46排6列2层/ [索取号:TP312/W955=2] | 在馆 | |
| 4 | 135459 | 201354596 | 自科二线504/504自科库 5排3列1层/ [索取号:TP312/W955=2] | 在馆 | |
| 5 | 135460 | 201354603 | 自科二线504/504自科库 5排3列1层/ [索取号:TP312/W955=2] | 在馆 |